Democracy and economic growth / (Record no. 3665)

000 -LEADER
fixed length control field 00678 a2200205 4500
003 - CONTROL NUMBER IDENTIFIER
control field Nust
005 - DATE AND TIME OF LATEST TRANSACTION
control field 20170105101222.0
008 - FIXED-LENGTH DATA ELEMENTS--GENERAL INFORMATION
fixed length control field 161123b xxu||||| |||| 00| 0 eng d
020 ## - INTERNATIONAL STANDARD BOOK NUMBER
International Standard Book Number 8176291749
020 ## - INTERNATIONAL STANDARD BOOK NUMBER
International Standard Book Number 9788176291743
040 ## - CATALOGING SOURCE
Original cataloging agency DLC
Transcribing agency LOC
100 1# - MAIN ENTRY--PERSONAL NAME
Personal name Simha, S.L.N.
245 10 - TITLE STATEMENT
Title Democracy and economic growth /
Statement of responsibility, etc. S.L.N. Simha.
260 ## - PUBLICATION, DISTRIBUTION, ETC.
Place of publication, distribution, etc. [S.l.] :
Name of publisher, distributor, etc. Deep & Deep Publications,
Date of publication, distribution, etc. 2002.
300 ## - PHYSICAL DESCRIPTION
Extent 725 p. ;
Dimensions 22 cm.
500 ## - GENERAL NOTE
General note Hardcover.
856 40 - ELECTRONIC LOCATION AND ACCESS
Materials specified Amazon.com
Uniform Resource Identifier <a href="http://www.amazon.com/exec/obidos/ASIN/8176291749/chopaconline-20">http://www.amazon.com/exec/obidos/ASIN/8176291749/chopaconline-20</a>
856 40 - ELECTRONIC LOCATION AND ACCESS
Materials specified Amazon customer reviews
Uniform Resource Identifier <a href="http://www.chopac.org/cgi-bin/tools/azrev.pl?q=8176291749">http://www.chopac.org/cgi-bin/tools/azrev.pl?q=8176291749</a>
942 ## - ADDED ENTRY ELEMENTS (KOHA)
Koha item type Book
Call number prefix 338.9 SIM
Source of classification or shelving scheme
Holdings
Withdrawn status Lost status Source of classification or shelving scheme Damaged status Not for loan Collection code Permanent Location Current Location Shelving location Date acquired Total Checkouts Full call number Barcode Date last seen Price effective from Koha item type
            Central Library (CL) Central Library (CL) General Stacks 11/23/2016   338.9 SIM S3H-N-1261 11/23/2016 11/23/2016 Book
© 2023 Central Library, National University of Sciences and Technology. All Rights Reserved.